000 00520nam a2200181Ia 4500
005 20250508151911.0
008 008 250505s9999 xx 000 0 eng d
037 _aTextual
040 _aFEDL
_beng
_cFEDL
041 _aeng
_2eng
084 _a804, HOD
_qFEDL
100 _aHodin J P
_9618052
245 0 _aDilemma of being modern: Essaus on art and literature
260 _aLondon, UK
_bRoutledge and Kegan Paul
_c1956
300 _axii,271p.
942 _cTEXL
_h804, HOD
999 _c1332823
_d1332823